[Event "Backi Petrovac TS 58th"]
[Site "Backi Petrovac"]
[Date "2018.01.16"]
[Round "4"]
[White "Markovic, Miroslav"]
[Black "Saptarshi, Roy Chowdhury"]
[Result "0-1"]
[WhiteElo "2448"]
[BlackElo "2476"]
[PlyCount "32"]
[EventDate "2018.01.14"]
[EventType "swiss"]
[EventRounds "9"]
[EventCountry "SRB"]
[SourceTitle "OM OTB B 201907"]
[Source "Opening Master"]
[SourceDate "2019.07.06"]
[SourceVersion "2"]
[SourceVersionDate "2019.07.06"]
[SourceQuality "1"]

1. e4 e5 2. Nf3 Nc6 3. c3 d5 4. Qa4 Bd7 5. d3 Nf6 6. Bg5 dxe4 7. dxe4 Bc5 8.
Bc4 Bxf2+ 9. Kf1 Bb6 10. Qa3 h6 11. Bh4 Be6 12. Bb5 Qd1+ 13. Be1 Ng4 14. Nbd2
Qxa1 15. Ke2 Qxa2 16. Qxa2 Bxa2 0-1

[Event "FICS rated blitz game"]
[Site "FICS freechess.org"]
[Date "2018.01.16"]
[Round "?"]
[White "Hexatetra"]
[Black "akumba"]
[Result "1-0"]
[WhiteElo "2219"]
[BlackElo "1545"]
[PlyCount "32"]
[EventDate "2018.??.??"]
[EventType "blitz"]

1. e4 e5 2. Nf3 Nc6 3. c3 Nf6 4. Bb5 d6 5. d4 Bd7 6. Bxc6 Bxc6 7. d5 Bb5 8.
Nbd2 b6 9. c4 Ba6 10. Qa4+ Nd7 11. Qxa6 Nc5 12. Qb5+ Ke7 13. O-O g5 14. Nb3 g4
15. Nh4 Nxe4 16. Re1 f5 {Black resigns} 1-0

[Event "FICS rated standard game"]
[Site "FICS freechess.org"]
[Date "2018.01.16"]
[Round "?"]
[White "CarveItUp"]
[Black "Fehizoro"]
[Result "1-0"]
[WhiteElo "1756"]
[BlackElo "1793"]
[PlyCount "65"]
[EventDate "2018.??.??"]

1. e4 e5 2. Nf3 Nc6 3. c3 Nf6 4. Qc2 Bc5 5. b4 Bb6 6. b5 Na5 7. d4 exd4 8. cxd4
O-O 9. Be3 d6 10. h3 Re8 11. Nc3 Be6 12. Bd3 Bc4 13. O-O Bxd3 14. Qxd3 Qe7 15.
Nd2 c6 16. a4 Rac8 17. Rac1 h6 18. Rfe1 Qe6 19. f3 cxb5 20. Qxb5 Nc6 21. d5
Bxe3+ 22. Rxe3 Nd4 23. dxe6 Nxb5 24. exf7+ Kxf7 25. axb5 d5 26. Rd3 dxe4 27.
fxe4 Nh5 28. Rd7+ Kg8 29. Ne2 Rcd8 30. Rcc7 a6 31. g4 Nf6 32. Rxg7+ Kh8 33. Nf4
{Black resigns} 1-0

[Event "FICS rated blitz game"]
[Site "FICS freechess.org"]
[Date "2018.01.16"]
[Round "?"]
[White "morts"]
[Black "pinakimehra"]
[Result "0-1"]
[WhiteElo "1145"]
[BlackElo "1276"]
[PlyCount "38"]
[EventDate "2018.??.??"]
[EventType "blitz"]

1. e4 e5 2. Nf3 Nc6 3. c3 Bc5 4. g3 d6 5. Bg2 Bg4 6. O-O Nf6 7. d3 Qd7 8. Qb3
O-O-O 9. Nbd2 Bh3 10. Ng5 Bxg2 11. Kxg2 Rdf8 12. h4 h6 13. Nh3 g5 14. hxg5 hxg5
15. Nxg5 Rh5 16. Ndf3 Rg8 17. Qxf7 Rgxg5 18. Qxf6 Qh3+ 19. Kg1 Qh1# {White
checkmated} 0-1

[Event "FICS rated blitz game"]
[Site "FICS freechess.org"]
[Date "2018.01.16"]
[Round "?"]
[White "Cosaron"]
[Black "BiH"]
[Result "0-1"]
[WhiteElo "1571"]
[BlackElo "1561"]
[PlyCount "44"]
[EventDate "2018.??.??"]
[EventType "blitz"]

1. e4 e5 2. Nf3 Nc6 3. c3 d5 4. Bb5 dxe4 5. Nxe5 Qd5 6. Bxc6+ bxc6 7. f4 Bc5 8.
b4 Bb6 9. Bb2 Nf6 10. c4 Qe6 11. c5 Ba6 12. Qb3 Nd5 13. cxb6 cxb6 14. Nc3 Rd8
15. Nxe4 O-O 16. g3 Qf5 17. d3 Ne3 18. Kf2 Bxd3 19. Nxd3 Qxe4 20. Qc3 f6 21.
Rae1 Rxd3 22. Rxe3 Qxe3+ 0-1

[Event "FICS rated blitz game"]
[Site "FICS freechess.org"]
[Date "2018.01.16"]
[Round "?"]
[White "Fireblizzard"]
[Black "rotwai"]
[Result "0-1"]
[WhiteElo "1895"]
[BlackElo "1696"]
[PlyCount "60"]
[EventDate "2018.??.??"]
[EventType "blitz"]

1. e4 e5 2. Nf3 Nc6 3. c3 Nf6 4. d4 exd4 5. e5 Qe7 6. Qe2 Nd5 7. cxd4 d6 8.
exd6 Qxe2+ 9. Bxe2 Bxd6 10. Nc3 Nxc3 11. bxc3 O-O 12. O-O Bf5 13. Be3 h6 14. c4
Rfe8 15. c5 Bf8 16. h3 Be4 17. Nd2 Bd5 18. a3 Nxd4 19. Bxd4 Rxe2 20. Be3 Re8
21. Rfc1 R8xe3 22. fxe3 Rxd2 23. Rab1 Bc6 24. Rb3 Rxg2+ 25. Kf1 Rh2 26. Rcc3
Rxh3 27. Rd3 Be7 28. Kf2 Rf3+ 29. Ke2 Rf5 30. Rbc3 Bb5 {White resigns} 0-1

[Event "FICS rated standard game"]
[Site "FICS freechess.org"]
[Date "2018.01.16"]
[Round "?"]
[White "CarveItUp"]
[Black "artrais"]
[Result "1-0"]
[WhiteElo "1761"]
[BlackElo "1681"]
[PlyCount "147"]
[EventDate "2018.??.??"]

1. e4 e5 2. Nf3 Nc6 3. c3 d5 4. exd5 Qxd5 5. d3 Bd6 6. Qb3 Qxb3 7. axb3 Nge7 8.
Nbd2 O-O 9. Ne4 h6 10. Nxd6 cxd6 11. Be2 f5 12. O-O f4 13. Nd2 b5 14. Ne4 d5
15. Nd6 Rb8 16. d4 exd4 17. Nxb5 dxc3 18. bxc3 a6 19. Nd6 Rxb3 20. Nxc8 Rxc8
21. Bxf4 a5 22. Bd6 Kf7 23. Rfe1 Rxc3 24. Bxe7 Nxe7 25. Rxa5 g6 26. Ra7 Kf8 27.
Bf3 Re8 28. Rd7 Rd3 29. h3 d4 30. Kf1 Nf5 31. Be4 Rd2 32. Bxf5 gxf5 33. Rh7
Rxe1+ 34. Kxe1 Ra2 35. Rxh6 Kg7 36. Rd6 Ra4 37. Ke2 Kf7 38. Kf3 Ke7 39. Rd5 Ke6
40. Rd8 Ke5 41. g4 fxg4+ 42. hxg4 Ra3+ 43. Ke2 Ke4 44. f3+ Ke5 45. g5 Ra2+ 46.
Kd3 Ra3+ 47. Kc4 Ra4+ 48. Kb3 Ra6 49. Re8+ Kf5 50. Rg8 Rd6 51. Kc2 d3+ 52. Kd2
Kf4 53. g6 Kxf3 54. g7 Kg4 55. Rf8 Rg6 56. g8=Q Rxg8 57. Rxg8+ Kf5 58. Kxd3 Ke5
59. Rg4 Kf5 60. Re4 Kg5 61. Ke3 Kf5 62. Kf3 Kf6 63. Kf4 Kg6 64. Re5 Kf6 65. Ke4
Kg6 66. Rf5 Kg7 67. Ke5 Kg6 68. Ke6 Kg7 69. Rf6 Kg8 70. Rf7 Kh8 71. Kf6 Kg8 72.
Ra7 Kh8 73. Kg6 Kg8 74. Ra8# {Black checkmated} 1-0

[Event "FICS rated blitz game"]
[Site "FICS freechess.org"]
[Date "2018.01.16"]
[Round "?"]
[White "morts"]
[Black "Aleboto"]
[Result "0-1"]
[WhiteElo "1181"]
[BlackElo "1129"]
[PlyCount "44"]
[EventDate "2018.??.??"]
[EventType "blitz"]

1. e4 e5 2. Nf3 Nc6 3. c3 d6 4. g3 g6 5. Bg2 Bg7 6. O-O Bg4 7. d3 Qe7 8. Nbd2
h6 9. h4 h5 10. Qb3 O-O-O 11. c4 f5 12. Nh2 f4 13. Nxg4 hxg4 14. f3 gxf3 15.
Nxf3 fxg3 16. Ng5 Bf6 17. Qa4 Kb8 18. b4 Rxh4 19. Nf3 Bg7 20. b5 Nd4 21. Nxh4
Qxh4 22. b6 Ne2# {White checkmated} 0-1

[Event "FICS rated blitz game"]
[Site "FICS freechess.org"]
[Date "2018.01.16"]
[Round "?"]
[White "alvarzr"]
[Black "sahistonline"]
[Result "0-1"]
[WhiteElo "1200"]
[BlackElo "1164"]
[PlyCount "28"]
[EventDate "2018.??.??"]
[EventType "blitz"]

1. e4 e5 2. Nf3 Nc6 3. c3 Bc5 4. Bc4 a5 5. d4 exd4 6. cxd4 Bb6 7. O-O d6 8. h3
Be6 9. Bxe6 fxe6 10. Bg5 Nge7 11. d5 exd5 12. exd5 Ne5 13. Nc3 O-O 14. Nd4 Qd7
0-1

[Event "FICS rated lightning game"]
[Site "FICS freechess.org"]
[Date "2018.01.16"]
[Round "?"]
[White "kungzeb"]
[Black "javierrivas"]
[Result "0-1"]
[WhiteElo "1753"]
[BlackElo "1807"]
[PlyCount "76"]
[EventDate "2018.??.??"]

1. e4 e5 2. Nf3 Nc6 3. c3 Bc5 4. d4 exd4 5. cxd4 Bb6 6. Bb5 Nge7 7. Nc3 O-O 8.
O-O d6 9. Re1 Bg4 10. d5 Ne5 11. Be2 Bxf3 12. Bxf3 N7g6 13. Be3 Qh4 14. Bxb6
axb6 15. g3 Nxf3+ 16. Qxf3 Qh3 17. Qg2 Qg4 18. f3 Qd7 19. a3 Ne5 20. Rac1 f5
21. Qe2 fxe4 22. fxe4 Nf3+ 23. Kg2 Nxe1+ 24. Rxe1 Rae8 25. h3 Re5 26. Qe3 Rfe8
27. Qf4 c6 28. Rf1 h6 29. dxc6 bxc6 30. g4 d5 31. exd5 cxd5 32. b4 d4 33. Nd1
Re2+ 34. Rf2 Rxf2+ 35. Nxf2 Qd5+ 36. Kg3 d3 37. Qd2 Re2 38. Qxd3 Qxd3+ 0-1

[Event "FICS rated blitz game"]
[Site "FICS freechess.org"]
[Date "2018.01.16"]
[Round "?"]
[White "Flyinghooves"]
[Black "TheRealNess"]
[Result "1-0"]
[WhiteElo "1164"]
[BlackElo "1113"]
[PlyCount "37"]
[EventDate "2018.??.??"]
[EventType "blitz"]

1. e4 e5 2. Nf3 Nc6 3. c3 Bc5 4. Bc4 h6 5. Qb3 Qf6 6. d4 exd4 7. O-O d6 8. Bd5
Na5 9. Qa4+ c6 10. e5 dxe5 11. Qxa5 b6 12. Qa4 Ne7 13. cxd4 Bxd4 14. Nxd4 exd4
15. Re1 O-O 16. Bf3 c5 17. Nd2 a6 18. Bxa8 b5 19. Qd1 {Black resigns} 1-0

[Event "FICS rated blitz game"]
[Site "FICS freechess.org"]
[Date "2018.01.16"]
[Round "?"]
[White "kiknit"]
[Black "snob"]
[Result "1-0"]
[WhiteElo "1479"]
[BlackElo "1470"]
[PlyCount "77"]
[EventDate "2018.??.??"]
[EventType "blitz"]

1. e4 e5 2. Nf3 Nc6 3. c3 d5 4. exd5 Qxd5 5. a3 e4 6. Nd4 Nxd4 7. cxd4 Qxd4 8.
Qb3 Nf6 9. Bb5+ c6 10. Bc4 Qd7 11. O-O b5 12. Be2 Qe6 13. Qg3 g6 14. b4 Bd6 15.
f4 O-O 16. Bb2 Qf5 17. h3 Be6 18. Nc3 Bc4 19. Bxc4 bxc4 20. Rae1 Rab8 21. Rf2
c5 22. Ne2 cxb4 23. Nd4 Qd5 24. axb4 Bxb4 25. f5 Bc5 26. Bc3 Bxd4 27. Bxd4 Qxd4
28. fxg6 fxg6 29. Kh2 Rbe8 30. Rf4 Qxd2 31. Ref1 Nh5 32. Rxf8+ Rxf8 33. Rxf8+
Kxf8 34. Qb8+ Kg7 35. Qxa7+ Kh6 36. h4 Nf4 37. Kg3 Qe3+ 38. Qxe3 g5 39. hxg5+ {
Black resigns} 1-0

[Event "FICS rated blitz game"]
[Site "FICS freechess.org"]
[Date "2018.01.16"]
[Round "?"]
[White "Hexatetra"]
[Black "salav"]
[Result "1-0"]
[WhiteElo "2211"]
[BlackElo "1888"]
[PlyCount "59"]
[EventDate "2018.??.??"]
[EventType "blitz"]

1. e4 e5 2. Nf3 Nc6 3. c3 Nf6 4. d4 exd4 5. cxd4 Nxe4 6. d5 Nb8 7. Bd3 Nf6 8.
Nc3 Bc5 9. O-O O-O 10. Be3 b6 11. Bxc5 bxc5 12. Rc1 d6 13. Ne2 Bg4 14. h3 Bxf3
15. gxf3 Qd7 16. Kg2 a5 17. Be4 Na6 18. Ng3 Qb5 19. b3 Nb4 20. a4 Qb6 21. Nf5
Nxe4 22. fxe4 Rae8 23. Qg4 g6 24. h4 Nd3 25. Rc3 Ne5 26. Qg5 Qb4 27. Nh6+ Kg7
28. Nf5+ Kh8 29. Qf6+ Kg8 30. Qg7# {Black checkmated} 1-0

[Event "FICS unrated blitz game"]
[Site "FICS freechess.org"]
[Date "2018.01.16"]
[Round "?"]
[White "ukw"]
[Black "AramuMuru"]
[Result "0-1"]
[WhiteElo "1602"]
[BlackElo "1746"]
[PlyCount "26"]
[EventDate "2018.??.??"]
[EventType "blitz"]

1. e4 e5 2. Nf3 Nc6 3. c3 d6 4. d4 Nf6 5. Bb5 Bd7 6. O-O Be7 7. Bg5 exd4 8.
cxd4 a6 9. Bxc6 Bxc6 10. Nc3 h6 11. Bxf6 Bxf6 12. d5 Bd7 13. Re1 O-O {White
resigns} 0-1

[Event "FICS rated blitz game"]
[Site "FICS freechess.org"]
[Date "2018.01.16"]
[Round "?"]
[White "WiraTattoo"]
[Black "mitrofis"]
[Result "0-1"]
[WhiteElo "1369"]
[BlackElo "1488"]
[PlyCount "62"]
[EventDate "2018.??.??"]
[EventType "blitz"]

1. e4 e5 2. Nf3 Nc6 3. c3 Nf6 4. d4 exd4 5. cxd4 Nxe4 6. Nc3 Nxc3 7. bxc3 d5 8.
Bd3 Bg4 9. O-O Qf6 10. Re1+ Kd7 11. Ne5+ Nxe5 12. dxe5 Bxd1 13. exf6 Bh5 14.
fxg7 Bxg7 15. Bf5+ Kd6 16. Ba3+ c5 17. Rab1 b6 18. Bc1 Rae8 19. Bf4+ Be5 20.
Bxe5+ Rxe5 21. g4 Bg6 22. Bxg6 hxg6 23. Rxe5 Kxe5 24. Re1+ Kd6 25. Kg2 d4 26.
cxd4 cxd4 27. Re4 Kd5 28. Rf4 d3 29. Rxf7 Rd8 30. Kf1 d2 31. Ke2 Ke6 {White
resigns} 0-1

[Event "FICS rated lightning game"]
[Site "FICS freechess.org"]
[Date "2018.01.16"]
[Round "?"]
[White "kungzeb"]
[Black "rossoscuro"]
[Result "1-0"]
[WhiteElo "1757"]
[BlackElo "1930"]
[PlyCount "87"]
[EventDate "2018.??.??"]

1. e4 e5 2. Nf3 Nc6 3. c3 d5 4. d3 dxe4 5. dxe4 Qxd1+ 6. Kxd1 Bg4 7. Bb5 O-O-O+
8. Kc2 Nce7 9. Nxe5 Bh5 10. g4 Bg6 11. Nxg6 hxg6 12. Bg5 Nf6 13. e5 Nxg4 14.
Nd2 Nxf2 15. Rhf1 Ng4 16. Rxf7 Rxh2 17. Raf1 Nf5 18. Bxd8 Kxd8 19. Rxf8+ Ke7
20. Re8+ Kf7 21. e6+ Kf6 22. Bc4 Nge3+ 23. Kb3 Nxf1 24. Nxf1 Rf2 25. Rf8+ Ke7
26. Rxf5 gxf5 27. Ne3 f4 28. Nd5+ Kxe6 29. Nxf4+ Ke5 30. Nd3+ Ke4 31. Nxf2+ Kf3
32. Nd1 g5 33. Kc2 g4 34. Bd5+ Kf4 35. Bxb7 c5 36. c4 a5 37. Nc3 Ke3 38. Na4
Kd4 39. b3 g3 40. Bf3 Ke5 41. Bg2 Kd4 42. Nc3 Ke3 43. Ne4 Kf4 44. Nxc5 1-0

[Event "FICS rated blitz game"]
[Site "FICS freechess.org"]
[Date "2018.01.16"]
[Round "?"]
[White "jsssstplayinn"]
[Black "ChessTheory"]
[Result "1-0"]
[WhiteElo "1609"]
[BlackElo "1564"]
[PlyCount "103"]
[EventDate "2018.??.??"]
[EventType "blitz"]

1. e4 e5 2. Nf3 Nc6 3. c3 d6 4. d4 exd4 5. cxd4 Bg4 6. d5 Ne5 7. Be2 Nf6 8. O-O
Nxf3+ 9. Bxf3 Bxf3 10. Qxf3 Be7 11. Qd1 O-O 12. Nc3 c5 13. a3 a6 14. Bg5 b5 15.
Bxf6 Bxf6 16. Qc1 Re8 17. f3 Bd4+ 18. Kh1 Qh4 19. Ne2 Be5 20. f4 Bf6 21. g3 Qh5
22. Qc2 Re7 23. Rg1 Rae8 24. g4 Qh3 25. Rg3 Qh4 26. Rgg1 Rxe4 27. Ng3 Re3 28.
Nf5 Qh3 29. Nxe3 Qxe3 30. Rae1 Qf3+ 31. Qg2 Qxg2+ 32. Kxg2 Rxe1 33. Rxe1 Kf8
34. g5 Bxb2 35. Re3 Bd4 36. Rd3 f6 37. h4 Kf7 38. Kf3 f5 39. h5 g6 40. h6 Ke7
41. Ke2 Kd7 42. Kd1 Kc7 43. Kc2 Kb6 44. Kb3 Ka5 45. Rd1 Be3 46. Rf1 c4+ 47. Kc3
Ka4 48. Rf3 Bc5 49. Kb2 a5 50. Ka2 b4 51. axb4 axb4 52. Kb2 1-0

[Event "FICS rated blitz game"]
[Site "FICS freechess.org"]
[Date "2018.01.16"]
[Round "?"]
[White "windbumwino"]
[Black "Gunarson"]
[Result "1-0"]
[WhiteElo "1473"]
[BlackElo "1603"]
[PlyCount "109"]
[EventDate "2018.??.??"]
[EventType "blitz"]

1. e4 Nc6 2. c3 e5 3. Nf3 d6 4. d4 Bd7 5. d5 Nce7 6. Bg5 c6 7. Qa4 b5 8. Qb3
Qb6 9. dxc6 Bxc6 10. Bxe7 Nxe7 11. Bd3 d5 12. exd5 Bxd5 13. c4 Bxf3 14. gxf3
Nc6 15. Qxb5 Qxb5 16. cxb5 Nd4 17. Nc3 Nxf3+ 18. Ke2 Nd4+ 19. Ke3 Rd8 20. a4
Bc5 21. Ne4 Be7 22. Rac1 f5 23. Nc3 Bg5+ 24. f4 Bxf4+ 25. Kf2 Bxc1 26. Rxc1 Nb3
27. Rd1 e4 28. Be2 Rxd1 29. Bxd1 O-O 30. Ke3 Nc5 31. Nd5 Rf7 32. b4 Rd7 33. Nc3
Nd3 34. Bb3+ Kf8 35. Nd5 Rxd5 36. Bxd5 Nxb4 37. Be6 g6 38. Kf4 Ke7 39. Bc4 Kd6
40. Kg5 Nc2 41. Bg8 e3 42. Bc4 Nd4 43. Bd3 e2 44. Bxe2 Nxe2 45. Kh6 f4 46. Kxh7
f3 47. Kxg6 f2 48. h4 f1=Q 49. h5 Qh3 50. h6 Qxh6+ 51. Kxh6 Kc5 52. Kg5 Kb4 53.
b6 axb6 54. a5 Ka4 55. axb6 1-0

[Event "FICS rated standard game"]
[Site "FICS freechess.org"]
[Date "2018.01.16"]
[Round "?"]
[White "GrandmaLurKing"]
[Black "Navarrra"]
[Result "0-1"]
[WhiteElo "1495"]
[BlackElo "1673"]
[PlyCount "102"]
[EventDate "2018.??.??"]

1. e4 e5 2. c3 Nc6 3. Nf3 Nf6 4. Na3 Bxa3 5. bxa3 a6 6. Be2 O-O 7. d3 d6 8. O-O
h6 9. Bb2 Bd7 10. Qb3 b5 11. a4 bxa4 12. Qxa4 a5 13. Rab1 Ne7 14. Qa3 Ng6 15.
Bc1 c5 16. Bxh6 gxh6 17. Rb7 Nf4 18. Re1 Be6 19. Nxe5 dxe5 20. Qa4 Bd7 21. Qc4
Be6 22. Qa4 Qd6 23. Qc2 Nxe2+ 24. Qxe2 Rfb8 25. Reb1 Rxb7 26. Rxb7 Rb8 27.
Rxb8+ Qxb8 28. a4 Qb1+ 29. Qf1 Qxf1+ 30. Kxf1 Bb3 31. Ke2 Bxa4 32. c4 Bb3 33.
Kd2 a4 34. h4 Nh5 35. g3 Kg7 36. g4 Nf4 37. h5 Kf6 38. Kc3 Kg5 39. f3 Ne2+ 40.
Kd2 Nd4 41. Ke3 a3 42. Kd2 a2 43. Ke1 Nxf3+ 44. Kf2 Nd4 45. Kg3 a1=Q 46. Kh3
Qf1+ 47. Kh2 Qxd3 48. Kh1 Qd2 49. Kg1 Kxg4 50. Kh1 Kf3 51. Kg1 Qg2# {White
checkmated} 0-1

[Event "FICS rated blitz game"]
[Site "FICS freechess.org"]
[Date "2018.01.16"]
[Round "?"]
[White "alvarzr"]
[Black "sahistonline"]
[Result "1-0"]
[WhiteElo "1184"]
[BlackElo "1180"]
[PlyCount "31"]
[EventDate "2018.??.??"]
[EventType "blitz"]

1. e4 e5 2. Nf3 Nc6 3. c3 a5 4. Bc4 Bc5 5. d4 exd4 6. cxd4 Bb6 7. O-O d6 8. Ng5
Nh6 9. Nc3 O-O 10. Qh5 Nxd4 11. Bxf7+ Kh8 12. Bc4 Qf6 13. Nd5 Bg4 14. Nxf6 Bxh5
15. Nxh5 Ne2+ 16. Bxe2 {Black resigns} 1-0

[Event "FICS rated blitz game"]
[Site "FICS freechess.org"]
[Date "2018.01.16"]
[Round "?"]
[White "freshwater"]
[Black "Mannixcannon"]
[Result "0-1"]
[WhiteElo "1346"]
[BlackElo "1263"]
[PlyCount "44"]
[EventDate "2018.??.??"]
[EventType "blitz"]

1. e4 e5 2. Nf3 Nc6 3. c3 Bc5 4. a4 a6 5. b4 Ba7 6. b5 axb5 7. Bxb5 Nge7 8. O-O
O-O 9. Ng5 h6 10. Nf3 d6 11. Bb2 Bd7 12. d4 exd4 13. cxd4 Nb8 14. Bd3 Bg4 15.
Be2 Nbc6 16. d5 Nb4 17. Qb3 Bc5 18. Nc3 c6 19. Nd2 Bxe2 20. Nxe2 cxd5 21. exd5
Nexd5 22. Qc3 Nxc3 {White resigns} 0-1

[Event "FICS rated blitz game"]
[Site "FICS freechess.org"]
[Date "2018.01.16"]
[Round "?"]
[White "morts"]
[Black "piekar"]
[Result "0-1"]
[WhiteElo "1131"]
[BlackElo "1287"]
[PlyCount "152"]
[EventDate "2018.??.??"]
[EventType "blitz"]

1. e4 e5 2. Nf3 Nc6 3. c3 Nf6 4. d3 Bc5 5. g3 h6 6. Bg2 d6 7. O-O Bg4 8. Nbd2
Qd7 9. Qb3 Rb8 10. Nh4 O-O 11. Nf5 Ne7 12. h3 Bxf5 13. exf5 Nxf5 14. Ne4 Nxe4
15. dxe4 Nxg3 16. Re1 Nh5 17. Be3 Bxe3 18. Rxe3 Kh8 19. Qd1 Nf4 20. Rg3 Nxg2
21. Rxg2 f5 22. exf5 Rxf5 23. Qg4 Rbf8 24. Rf1 Qf7 25. Qe2 Qh5 26. Qe3 Rf3 27.
Qe2 Rxh3 28. Qxh5 Rxh5 29. f3 Rh4 30. Rg3 Rhf4 31. Rf2 e4 32. Rfg2 exf3 33. Rf2
Re8 34. Rgxf3 Rxf3 35. Rxf3 Re7 36. Rf8+ Kh7 37. Rb8 b6 38. Rb7 a5 39. Kg2 g5
40. Kg3 h5 41. Rb8 Kg7 42. Rc8 Kg6 43. Rb8 Kf5 44. Rg8 Rf7 45. Kf3 h4 46. Rh8
g4+ 47. Kg2 h3+ 48. Kg3 Rg7 49. Rf8+ Ke4 50. Rf4+ Kd3 51. Rf2 d5 52. a3 c5 53.
Kh4 b5 54. Kg3 b4 55. cxb4 axb4 56. axb4 cxb4 57. Rf5 d4 58. Rb5 Kc4 59. Rb6 d3
60. Rc6+ Kb3 61. Rd6 Kxb2 62. Rxd3 b3 63. Rd2+ Kc1 64. Rd8 b2 65. Rc8+ Kd1 66.
Rb8 Kc2 67. Rc8+ Kb1 68. Rc4 Ka2 69. Ra4+ Kb3 70. Ra8 b1=Q 71. Rb8+ Kc2 72.
Rc8+ Kd2 73. Rd8+ Ke2 74. Re8+ Kf1 75. Rf8+ Kg1 76. Rf2 Qe1 0-1

[Event "FICS rated blitz game"]
[Site "FICS freechess.org"]
[Date "2018.01.16"]
[Round "?"]
[White "BravoDelta"]
[Black "RISKYRISKY"]
[Result "0-1"]
[WhiteElo "1478"]
[BlackElo "1410"]
[PlyCount "50"]
[EventDate "2018.??.??"]
[EventType "blitz"]

1. e4 e5 2. Nf3 Nc6 3. c3 Nf6 4. d4 Nxe4 5. d5 Ne7 6. Nxe5 Ng6 7. Nxg6 hxg6 8.
Bd3 Qe7 9. Be3 Ng3 10. Rg1 Rxh2 11. Qf3 Nf5 12. Bxf5 gxf5 13. Qxf5 d6 14. Qf4
Rh4 15. Qg3 Bf5 16. Nd2 Kd7 17. Nf3 Rg4 18. Qh2 Qe4 19. Rd1 Be7 20. Nd4 Rh4 21.
Qg3 Bg4 22. Nf3 Qc2 23. Qf4 Rah8 24. Qxf7 Rh1 25. Rc1 Bxf3 0-1

[Event "FICS rated blitz game"]
[Site "FICS freechess.org"]
[Date "2018.01.16"]
[Round "?"]
[White "HBtime"]
[Black "UncleMeat"]
[Result "1-0"]
[WhiteElo "1806"]
[BlackElo "1766"]
[PlyCount "65"]
[EventDate "2018.??.??"]
[EventType "blitz"]

1. e4 e5 2. Nf3 Nc6 3. c3 Bc5 4. Bc4 d6 5. O-O Nge7 6. d4 exd4 7. cxd4 Bb6 8.
Nc3 O-O 9. Re1 Bg4 10. Be3 Bxf3 11. gxf3 Ng6 12. Kh1 Kh8 13. Rg1 f5 14. Qf1 f4
15. Bd2 Nxd4 16. Rxg6 Qh4 17. Rg4 Qh5 18. Qg2 g6 19. Nd5 c6 20. Nxb6 axb6 21.
a3 Ra5 22. Rg1 Rc5 23. b3 d5 24. Bc3 Qe5 25. exd5 cxd5 26. Bb4 dxc4 27. Bxc5
bxc5 28. Qh3 Kg7 29. bxc4 Ne2 30. Rd1 Rf7 31. Rh4 Ng3+ 32. hxg3 Qe2 33. Qf1 {
Black resigns} 1-0

[Event "FICS rated standard game"]
[Site "FICS freechess.org"]
[Date "2018.01.16"]
[Round "?"]
[White "Nidifugous"]
[Black "kyrylo"]
[Result "1-0"]
[WhiteElo "1552"]
[BlackElo "1722"]
[PlyCount "79"]
[EventDate "2018.??.??"]

1. e4 e5 2. Nf3 Nc6 3. c3 Nf6 4. Qc2 Bc5 5. Bb5 O-O 6. Bxc6 dxc6 7. Nxe5 Qe7 8.
d4 Bb6 9. a4 c5 10. a5 cxd4 11. axb6 Qxe5 12. Rxa7 Bf5 13. cxd4 Qxd4 14. Be3
Qxe4 15. Qxe4 Bxe4 16. Nd2 Bxg2 17. Rg1 Bd5 18. Rg5 c6 19. Bc5 Rfe8+ 20. Kd1
Ne4 21. Nxe4 Bxe4 22. h4 f5 23. h5 Re5 24. Bd4 Rd5 25. Rxg7+ Kf8 26. Rxh7 Rxd4+
27. Ke2 Rad8 28. Rh8+ Kg7 29. Rxd8 Rxd8 30. Rxb7+ Kf8 31. f3 Bd5 32. Rc7 Rb8
33. b7 Be6 34. h6 Re8 35. Kf2 Kg8 36. Rxc6 Bd5 37. Rc7 Bxb7 38. Rxb7 Re6 39.
h7+ Kh8 40. b4 {Black resigns} 1-0

[Event "FICS rated blitz game"]
[Site "FICS freechess.org"]
[Date "2018.01.16"]
[Round "?"]
[White "HUNTERJACK"]
[Black "fepeven"]
[Result "1-0"]
[WhiteElo "1526"]
[BlackElo "1598"]
[PlyCount "43"]
[EventDate "2018.??.??"]
[EventType "blitz"]

1. e4 e5 2. Nf3 Nc6 3. c3 Bc5 4. d4 exd4 5. cxd4 Bb6 6. Nc3 Nge7 7. Be2 d6 8.
O-O h5 9. Be3 h4 10. h3 Ng6 11. Ng5 Qe7 12. Qb3 Na5 13. Qc2 Be6 14. d5 Bxe3 15.
fxe3 Bd7 16. Nxf7 Rf8 17. e5 Rxf7 18. e6 Rxf1+ 19. Rxf1 Bc8 20. Qxg6+ Kd8 21.
Rf7 Qe8 22. Qg5+ {Black resigns} 1-0

[Event "FICS rated blitz game"]
[Site "FICS freechess.org"]
[Date "2018.01.16"]
[Round "?"]
[White "morts"]
[Black "RockShoes"]
[Result "0-1"]
[WhiteElo "1125"]
[BlackElo "1236"]
[PlyCount "76"]
[EventDate "2018.??.??"]
[EventType "blitz"]

1. e4 e5 2. Nf3 Nc6 3. c3 Nf6 4. d3 Be7 5. Bg5 O-O 6. d4 d6 7. d5 Nxe4 8. Bxe7
Nxe7 9. Qc2 Bf5 10. Qb3 Nc5 11. Qb4 Nxd5 12. Qc4 c6 13. Nbd2 Re8 14. b4 e4 15.
Nd4 Nd3+ 16. Bxd3 exd3+ 17. Kd1 Bg4+ 18. f3 Ne3+ 19. Kc1 Nxc4 20. fxg4 Nxd2 21.
Kxd2 Qg5+ 22. Kxd3 Re3+ 23. Kc2 Qg6+ 24. Kb3 Qd3 25. Nc2 Qxc3+ 26. Ka4 Qxc2+
27. Ka5 a6 28. Rhc1 Re5+ 29. Kb6 Qf2+ 30. Kxb7 Qa7+ 31. Kxc6 Rc8+ 32. Kxd6 Re6+
33. Kd5 Rd8+ 34. Kc4 Rc6+ 35. Kb3 Rd3+ 36. Ka4 Qb6 37. Rxc6 Qxc6+ 38. Ka5 Qb5#
{White checkmated} 0-1

[Event "FICS rated standard game"]
[Site "FICS freechess.org"]
[Date "2018.01.16"]
[Round "?"]
[White "Qdal"]
[Black "algra"]
[Result "1-0"]
[WhiteElo "1706"]
[BlackElo "1691"]
[PlyCount "75"]
[EventDate "2018.??.??"]

1. e4 e5 2. Nf3 Nc6 3. c3 Qf6 4. d4 h6 5. d5 Nce7 6. Be2 Ng6 7. Na3 Bxa3 8.
bxa3 d6 9. Rb1 b6 10. Be3 N8e7 11. Bb5+ Kf8 12. Be2 a5 13. Qa4 Nh4 14. Nxh4
Qxh4 15. O-O f5 16. g3 Qxe4 17. Qxe4 fxe4 18. f4 exf3 19. Bxf3 Kg8 20. Be4 Bh3
21. Rf2 Rf8 22. Bg2 Rxf2 23. Bxf2 Bf5 24. Rf1 g5 25. c4 Bd3 26. Rc1 Kg7 27. Rc3
Bb1 28. Bh3 Bxa2 29. Be6 h5 30. Rf3 Rf8 31. Re3 Bxc4 32. Rc3 b5 33. a4 Rb8 34.
axb5 Bxb5 35. Rxc7 Kf8 36. Be3 g4 37. Bg5 Re8 38. Bh6# {Black checkmated} 1-0

[Event "FICS rated standard game"]
[Site "FICS freechess.org"]
[Date "2018.01.16"]
[Round "?"]
[White "Chaeselume"]
[Black "trapik"]
[Result "1-0"]
[WhiteElo "1269"]
[BlackElo "1418"]
[PlyCount "57"]
[EventDate "2018.??.??"]

1. e4 e5 2. Nf3 Nc6 3. c3 Nf6 4. d4 Nxe4 5. Qe2 d5 6. Nxe5 Nxe5 7. dxe5 Bc5 8.
c4 Nxf2 9. Be3 Nxh1 10. Bxc5 Qh4+ 11. g3 Nxg3 12. hxg3 Qxg3+ 13. Bf2 Qg5 14.
cxd5 O-O 15. Qc4 Qxe5+ 16. Be2 Qxb2 17. Bd4 Qxa1 18. Bxa1 Re8 19. Qd4 f6 20.
Kd1 Bf5 21. Nc3 b6 22. d6 Rad8 23. Qd5+ Be6 24. Qg2 Rxd6+ 25. Kc1 Bf5 26. Nb5
Rde6 27. Nd4 Rd6 28. Nxf5 Rde6 29. Qxg7# {Black checkmated} 1-0

[Event "FICS rated blitz game"]
[Site "FICS freechess.org"]
[Date "2018.01.16"]
[Round "?"]
[White "bakonyi"]
[Black "Pianoum"]
[Result "1-0"]
[WhiteElo "1922"]
[BlackElo "1863"]
[PlyCount "49"]
[EventDate "2018.??.??"]
[EventType "blitz"]

1. e4 e5 2. Nf3 Nc6 3. c3 Nf6 4. d4 exd4 5. e5 Ng8 6. cxd4 d5 7. Bb5 Bb4+ 8.
Bd2 Bxd2+ 9. Nbxd2 Bd7 10. a4 Nge7 11. O-O O-O 12. Nb3 a6 13. Bd3 Bf5 14. Nc5
b6 15. Nxa6 Bg4 16. a5 Nxd4 17. axb6 Bxf3 18. gxf3 cxb6 19. Bxh7+ Kxh7 20. Qxd4
Nf5 21. Qd3 Qg5+ 22. Kh1 g6 23. Nb4 Rae8 24. Nxd5 Qh5 25. Nf6+ {Black resigns}
1-0